Obálka Náhled e-knihy:
PDF
Pro půjčování e-knih musíte být přihlášeni.
Jak si půjčit online?

Labková patrola. Neohrozená záchrana /

Dva krátké příběhy neohrožených tlapek uzpůsobené začínajícím čtenářům.

Uloženo v:
Další autoři: Baluchová, Veronika (Překladatel)
Médium: E-kniha
Jazyk:Slovak
Vydáno: V Prahe : Egmont, 2023
Vydání:Prvé vydanie
Edice:Paw Patrol (Egmont)
Začíname čítať (Egmont)
Témata:
Tagy:
Žádné tagy
LEADER 02196nam a2200529 i 4500
001 312281
003 CZ PrSKC
005 20260601215720.0
007 ta
008 231025s2023 xr a b 000 j slo
015 |a cnb003556504 
020 |a 9788025256442  |q (vázáno) 
035 |a (OCoLC)1412783111 
040 |a ABG001  |b cze  |d ABA001  |e rda 
041 1 |a slo  |h eng 
072 7 |a 821-93  |x Literatura pro děti a mládež (beletrie)  |2 Konspekt 
080 |a 821-32  |2 MRF 
080 |a 821-93  |2 MRF 
080 |a (0:82-32)  |2 MRF 
130 0 |a Up in the air and under the waves.  |l Slovensky 
245 1 0 |a Labková patrola.  |p Neohrozená záchrana /  |c z anglického originálu ... preložila Veronika Baluchová 
246 3 0 |a Neohrozená záchrana 
250 |a Prvé vydanie 
264 1 |a V Prahe :  |b Egmont,  |c 2023 
300 |a 48 stran :  |b barevné ilustrace ;  |c 24 cm 
336 |a text  |b txt  |2 rdacontent 
336 |a statický obraz  |b sti  |2 rdacontent 
337 |a bez média  |b n  |2 rdamedia 
338 |a svazek  |b nc  |2 rdacarrier 
490 1 |a Paw Patrol 
490 1 |a Začíname čítať 
500 |a Nad názvem uvedeno původní nakladatelství: Nickelodeon 
520 2 |a Dva krátké příběhy neohrožených tlapek uzpůsobené začínajícím čtenářům.  |b Tlapky svedou boj s obří chobotnicí a pomohou zachránit pilotku Ace, které se porouchalo letadlo. 
521 8 |a Pro děti od 6 let 
655 7 |a příběhy  |7 fd133204  |2 czenas 
655 7 |a publikace pro děti  |7 fd133156  |2 czenas 
655 9 |a stories  |2 eczenas 
655 9 |a children's literature  |2 eczenas 
700 1 |a Baluchová, Veronika  |7 ola20191025268  |4 trl 
830 0 |a Paw Patrol (Egmont) 
830 0 |a Začíname čítať (Egmont) 
900 |a ABA001  |b 20 
928 9 |a Albatros Media - Egmont 
044 |a xr 
910 |a RBIT002 
998 |d 396154  |a https://core.palmknihy.cz/api/books/396154/cover?sexvcw  |b https://core.palmknihy.cz/api/books/396154/cover/400?sexvcw  |c https://core.palmknihy.cz/api/books/396154/cover/50?sexvcw  |e 2026-06-30  |g 48  |i 9788025256442  |k https://core.palmknihy.cz/api/books/396154/preview.pdf  |l   |q 49  |r 1  |s https://www.palmknihy.cz/kniha/396154  |t ebook  |y 2023  |z 0 
999 |d 312279